00431cam a2200157ua 45000010005000000080039000050400009000440820008000531000028000612450055000892500009001442600038001533000017001916530014002086530051002223234111013n ii |||gr||||Z||||||asm cMAIN a9201 aDutta, Nilima,eAuthor.11aRatanpurar ratna Bhabananda Duttacby Nilima Dutta a1st. aGuahati:bLawyers book stall,997. a100p:c23cm. aBiography abiography of ratanpurar ratna Bhabananda Dutta